| 000 | 00610nam a22001697a 4500 | ||
|---|---|---|---|
| 082 | _a005 | ||
| 100 | _aHamid, Mohammad; Wasim ahmad; Zakirullah | ||
| 245 |
_aorganizing and motivating people / _cMohammad Hamid; Wasim ahmad; Zakirullah |
||
| 260 |
_aIslamabad : _bSEECS - NUST, _c2010. |
||
| 300 |
_a89 p. : ill. ; _c30cm. |
||
| 563 | _aHBK. | ||
| 650 |
_aComputer Science Engineering - Project Report. _931419 |
||
| 700 |
_aSup: Dr. Mohammad Yousaf. _934824 |
||
| 856 | _uhttp://10.250.8.41:8080/xmlui/handle/123456789/28863 | ||
| 942 |
_2ddc _cTHE |
||
| 999 |
_c540676 _d540676 |
||